Capitales europeas por temperatura media invernal - Estadísticas

Estadísticas generales
  • Esta prueba ha sido intentada 38 veces
  • La puntuación promedio es 38 de 49
Estadísticas de respuestas
Temperatura media (Enero) Ciudad % Correcto
6,5ºC Madrid
100%
-6ºC Moscú
100%
-4,6ºC Oslo
97%
9,9ºC Atenas
93%
0,7ºC Berlín
93%
-1,3ºC Bucarest
93%
0,6ºC Copenhague
93%
-2,8ºC Estocolmo
93%
-0,5ºC Reikiavik
93%
-0,4ºC Budapest
90%
0ºC Ciudad de Luxemburgo
90%
9,3ºC Lisboa
90%
7,5ºC Roma
90%
-1,5ºC Varsovia
90%
3,3ºC Bruselas
86%
-3,1ºC Helsinki
86%
5,2ºC Londres
86%
-4,2ºC Minsk
86%
5,4ºC París
86%
0ºC Zagreb
86%
3,4ºC Amsterdam
83%
-3,2ºC Kiev
83%
-1ºC Sofía
83%
-2,9ºC Tallin
83%
6,4ºC Dublín
79%
0,1ºC Praga
79%
0,3ºC Viena
79%
2,6ºC Andorra La Vieja
76%
1,4ºC Belgrado
76%
0,2ºC Berna
76%
12ºC La Valeta
76%
-2,1ºC Riga
76%
-0,5ºC Sarajevo
76%
-0,4ºC Bratislava
72%
7,5ºC Ciudad del Vaticano
72%
0,3ºC Liubliana
72%
4,2ºC San Marino
72%
-4,1ºC Vilna
72%
-1,8ºC Chisinau
69%
10,2ºC Mónaco
69%
5,5ºC Podgorica
69%
0,7ºC Vaduz
69%
10,6ºC Nicosia
59%
-1,3ºC Pristina
59%
0,1ºC Skopie
55%
6,7ºC Tirana
55%
1,5ºC Tiflis
41%
-3,5ºC Erevan
31%
4,4ºC Baku
28%
No se encontraron pruebas coincidentes
Distribución de puntuación
Porcentaje de gente con cada puntuación
Porcentaje por número respondido
Historial de tus puntuaciones
No has intentado esta prueba.